Using SPSS: (Record no. 8252)

MARC details
000 -LEADER
fixed length control field 00775cam a22002654a 4500
001 - CONTROL NUMBER
control field 13591103
003 - CONTROL NUMBER IDENTIFIER
control field OSt
005 - DATE AND TIME OF LATEST TRANSACTION
control field 20240108133337.0
008 - FIXED-LENGTH DATA ELEMENTS--GENERAL INFORMATION
fixed length control field 040512s2005 njua b 001 0 eng
010 ## - LIBRARY OF CONGRESS CONTROL NUMBER
LC control number 2004050529
020 ## - INTERNATIONAL STANDARD BOOK NUMBER
International Standard Book Number 9781412995153
040 ## - CATALOGING SOURCE
Original cataloging agency DLC
Transcribing agency DLC
Modifying agency DLC
042 ## - AUTHENTICATION CODE
Authentication code pcc
050 00 - LIBRARY OF CONGRESS CALL NUMBER
Classification number HA32
Item number .G737 2005
082 00 - DEWEY DECIMAL CLASSIFICATION NUMBER
Classification number 001.42 CUN 2012
100 1# - MAIN ENTRY--PERSONAL NAME
Personal name Cunningham,B James; Aldrich,O James
Dates associated with a name 1947-
9 (RLIN) 6423
245 10 - TITLE STATEMENT
Title Using SPSS:
Remainder of title an interactive hands-on approach
260 ## - PUBLICATION, DISTRIBUTION, ETC. (IMPRINT)
Place of publication, distribution, etc. LOS angeles
Name of publisher, distributor, etc. Sage,
Date of publication, distribution, etc. 2012.
300 ## - PHYSICAL DESCRIPTION
Extent xx, 237 p. :
Other physical details ill, col
Dimensions 23cm.
504 ## - BIBLIOGRAPHY, ETC. NOTE
Bibliography, etc Includes index and appendix.
650 #0 - SUBJECT ADDED ENTRY--TOPICAL TERM
Topical term or geographic name as entry element Information systems
9 (RLIN) 6424
650 #0 - SUBJECT ADDED ENTRY--TOPICAL TERM
Topical term or geographic name as entry element Research methods
9 (RLIN) 2296
906 ## - LOCAL DATA ELEMENT F, LDF (RLIN)
a 7
b cbc
c orignew
d 1
e ocip
f 20
g y-gencatlg
942 ## - ADDED ENTRY ELEMENTS (KOHA)
Source of classification or shelving scheme Dewey Decimal Classification
Koha item type Open Shelf
Holdings
Withdrawn status Lost status Source of classification or shelving scheme Damaged status Not for loan Home library Current library Date acquired Source of acquisition Inventory number Total Checkouts Full call number Barcode Date last seen Price effective from Koha item type
    Dewey Decimal Classification     MUST Main Library MUST Main Library 08/01/2024 Donation 14/38528   001.42 CUN 2012 2024-0003 08/01/2024 08/01/2024 Open Shelf